| 000 | 00561nam a22001577a 4500 | ||
|---|---|---|---|
| 003 | NUST | ||
| 082 | _a200 | ||
| 100 |
_aArshad, Sara _926613 |
||
| 245 |
_aPredicting academic performance and identifying At-Risk students using machine learning in higher education/ _cSara Arshad, |
||
| 264 |
_aIslamabad : _bSEECS, NUST, _c2023. |
||
| 300 |
_a100 p. ; _c30 cm. |
||
| 650 |
_aMS- Innovative Technologies in Learning _9125075 |
||
| 700 |
_aSupervisor: Dr Arham Muslim _9104694 |
||
| 856 | _uhttp://10.250.8.41:8080/xmlui/handle/123456789/33891 | ||
| 942 |
_2ddc _cSC |
||
| 999 |
_c595697 _d595697 |
||